| 000 | 01021nam a22003017a 4500 | ||
|---|---|---|---|
| 001 | 9819 | ||
| 003 | FISKH | ||
| 005 | 20260227084040.0 | ||
| 008 | 260227b cb ||||| |||| 00| 0 eng d | ||
| 020 | _a9780531247068 | ||
| 040 |
_aFISKH _beng _cFISKH _dFISKH |
||
| 050 | _aNC1766 .U52 .D547 | ||
| 082 | _a791.43092 | ||
| 100 | _aMattern , Joanne | ||
| 245 |
_aWalt Disney / _cBy Joanne Mattern |
||
| 260 |
_aNew York : _bScholastic , _c2003. |
||
| 300 |
_a32 pages : _bcolor illustratios ; _c18 cm . |
||
| 490 | _aRookie Biographies | ||
| 505 | _aM | ||
| 520 | _aA simple biography of the animator and famous entrepreneur, from his early life and career to his rise to fame and the legacy of the Disney company after his death. | ||
| 521 | 8 |
_a560
_bLexile |
|
| 521 | 8 |
_aM
_bRaz-Plus |
|
| 650 |
_aDisney Walt 1901-1966 _vJuvenile Literature |
||
| 650 |
_aAnimators- United States-Biography _vJuvenile Literature |
||
| 700 |
_aShepherd , Jodie _ePoet |
||
| 942 |
_2ddc _cBK _n0 |
||
| 999 |
_c9819 _d9819 |
||